[Event "Tula Rjazanov Memorial"]
[Site "Tula"]
[Date "2016.02.13"]
[Round "8"]
[White "Zerzhalova, Svetlana"]
[Black "Sotnikov, Alexey"]
[Result "1-0"]
[WhiteElo "1879"]
[BlackElo "1987"]
[PlyCount "47"]
[EventDate "2016.02.05"]
[EventType "swiss"]
[EventRounds "9"]
[EventCountry "RUS"]
[SourceTitle "CBM 171 Extra"]
[Source "ChessBase"]
[SourceDate "2016.04.26"]
[SourceVersion "1"]
[SourceVersionDate "2016.04.26"]
[SourceQuality "1"]

1. e4 e5 2. Nf3 Nc6 3. Bc4 Nf6 4. Ng5 d5 5. exd5 Na5 6. Bb5+ c6 7. dxc6 bxc6 8. Be2 h6 9. Nf3 e4 10. Ne5 Qd4 11. f4 Bc5 12. Rf1 Qd8 13. Nc3 Nd5 14. Nxd5 cxd5 15. d4 Bd6 16. c3 0-0 17. g3 Qb6 18. f5 Bxe5 19. dxe5 Bb7 20. f6 gxf6 21. Rxf6 Qc7 22. Bh5 Nc4 23. Qg4+ Kh7 24. Rxh6# 1-0

[Event "Tula Rjazanov Memorial"]
[Site "Tula"]
[Date "2016.02.11"]
[Round "6"]
[White "Rakovich, Viktor"]
[Black "Sotnikov, Alexey"]
[Result "0-1"]
[WhiteElo "1791"]
[BlackElo "1987"]
[PlyCount "46"]
[EventDate "2016.02.05"]
[EventType "swiss"]
[EventRounds "9"]
[EventCountry "RUS"]
[SourceTitle "CBM 171 Extra"]
[Source "ChessBase"]
[SourceDate "2016.04.26"]
[SourceVersion "1"]
[SourceVersionDate "2016.04.26"]
[SourceQuality "1"]

1. d4 d5 2. Nf3 Nf6 3. Bf4 Bf5 4. e3 e6 5. c3 Be7 6. Bd3 Bg6 7. Bxg6 fxg6 8. Ne5 0-0 9. Qb3 b6 10. Nd2 Nbd7 11. e4 Nxe4 12. Nxe4 Rxf4 13. Nc6 Rxe4+ 14. Kd2 Bg5+ 15. Kd3 Qf6 16. f3 Qf5 17. c4 Re3+ 18. Kd2 Rxb3+ 19. Ke2 Qd3+ 20. Kf2 Rxb2+ 21. Kg3 Qf5 22. h4 Qf4+ 23. Kh3 Qxh4# 0-1

[Event "Bogoroditsk 03"]
[Site "Bogoroditsk"]
[Date "2011.03.26"]
[Round "9"]
[White "Sotnikov, Alexey"]
[Black "Tishin, Petr"]
[Result "0-1"]
[WhiteElo "2259"]
[BlackElo "2401"]
[PlyCount "76"]
[EventDate "2011.03.20"]
[EventType "tourn"]
[EventRounds "13"]
[EventCountry "RUS"]
[EventCategory "5"]
[SourceTitle "EXT 2012"]
[Source "ChessBase"]
[SourceDate "2011.11.24"]
[SourceVersion "1"]
[SourceVersionDate "2011.11.24"]
[SourceQuality "1"]

1. c4 Nf6 2. Nc3 d5 3. d4 g6 4. Nf3 Bg7 5. e3 0-0 6. Be2 e6 7. 0-0 b6 8. cxd5 exd5 9. b3 Bb7 10. Bb2 Nbd7 11. Qc2 a6 12. Rac1 Rc8 13. Rfd1 Qe7 14. Qb1 Rfd8 15. Bf1 c5 16. dxc5 bxc5 17. Ne2 Bh6 18. Ba3 Ng4 19. Qd3 Qf6 20. h3 Nde5 21. Qc2 Nxf3+ 22. gxf3 Qxf3 23. hxg4 d4 24. Ng3 dxe3 25. Qe2 exf2+ 26. Kh2 Bxc1 27. Rxc1 c4 28. Qxf3 Bxf3 29. bxc4 Rd2 30. Rc3 Bc6 31. Bc1 Rxa2 32. Kh3 a5 33. Be3 a4 34. g5 Rd8 35. Rc1 a3 36. Kg4 Rb2 37. Ra1 a2 38. Be2 Rdb8 0-1

[Event "Bogoroditsk 03"]
[Site "Bogoroditsk"]
[Date "2011.03.22"]
[Round "3"]
[White "Gusev, Aleksey"]
[Black "Sotnikov, Alexey"]
[Result "1-0"]
[WhiteElo "2411"]
[BlackElo "2259"]
[PlyCount "65"]
[EventDate "2011.03.20"]
[EventType "tourn"]
[EventRounds "13"]
[EventCountry "RUS"]
[EventCategory "5"]
[SourceTitle "EXT 2012"]
[Source "ChessBase"]
[SourceDate "2011.11.24"]
[SourceVersion "1"]
[SourceVersionDate "2011.11.24"]
[SourceQuality "1"]

1. d4 d5 2. c4 c6 3. Nf3 Nf6 4. Nc3 e6 5. Bg5 h6 6. Bxf6 Qxf6 7. a3 Nd7 8. e4 dxe4 9. Nxe4 Qf4 10. Bd3 Nf6 11. g3 Qc7 12. Nxf6+ gxf6 13. Qe2 Bd7 14. 0-0-0 h5 15. Kb1 0-0-0 16. Rhe1 Kb8 17. c5 Be7 18. Qe4 Bc8 19. Bc4 Rdg8 20. Qe3 Bf8 21. Rd3 Bh6 22. Qe2 Re8 23. Qe4 Rd8 24. Rb3 Bg7 25. Rb4 Rh6 26. Ka2 Rg6 27. Qc2 Rh6 28. Re3 h4 29. gxh4 f5 30. Ba6 Ka8 31. Qa4 bxa6 32. Reb3 Rhh8 33. Qxc6+ 1-0

[Event "Bogoroditsk 03"]
[Site "Bogoroditsk"]
[Date "2011.03.20"]
[Round "1"]
[White "Arakeljan, Armen M"]
[Black "Sotnikov, Alexey"]
[Result "1-0"]
[WhiteElo "2295"]
[BlackElo "2259"]
[PlyCount "83"]
[EventDate "2011.03.20"]
[EventType "tourn"]
[EventRounds "13"]
[EventCountry "RUS"]
[EventCategory "5"]
[SourceTitle "EXT 2012"]
[Source "ChessBase"]
[SourceDate "2011.11.24"]
[SourceVersion "1"]
[SourceVersionDate "2011.11.24"]
[SourceQuality "1"]

1. e4 e5 2. Nc3 Nf6 3. g3 Bc5 4. Bg2 0-0 5. Nge2 Nc6 6. 0-0 d6 7. Nd5 Bg4 8. h3 Bd7 9. c3 Bb6 10. Nxb6 axb6 11. d4 h6 12. d5 Ne7 13. Be3 b5 14. Qd3 Nh5 15. Bf3 Nf6 16. Kh2 Ng6 17. c4 bxc4 18. Qxc4 Ra4 19. Qc2 Qb8 20. Nc3 Ra5 21. a3 Ra6 22. a4 c6 23. dxc6 bxc6 24. Rfd1 Rd8 25. a5 Be6 26. b4 Bc4 27. Na4 Bb5 28. Nb6 Ne7 29. Qb3 Ra7 30. Nc4 Rb7 31. a6 Bxc4 32. Qxc4 Rxb4 33. Qc3 Rb5 34. a7 Qa8 35. Qa3 Nc8 36. Qa6 Nd7 37. Rab1 Rxb1 38. Rxb1 Kf8 39. Kg2 Ke8 40. Rb7 Ne7 41. Bb6 Rc8 42. Bg4 1-0

[Event "Tula"]
[Site "Tula"]
[Date "2010.08.18"]
[Round "10"]
[White "Sotnikov, Alexey"]
[Black "Moiseev, Viktor"]
[Result "0-1"]
[WhiteElo "2300"]
[BlackElo "2415"]
[PlyCount "138"]
[EventDate "2010.08.11"]
[EventType "tourn"]
[EventRounds "13"]
[EventCountry "RUS"]
[EventCategory "6"]
[SourceTitle "CBM 138 Extra"]
[Source "ChessBase"]
[SourceDate "2010.10.29"]
[SourceVersion "1"]
[SourceVersionDate "2010.10.29"]
[SourceQuality "1"]

1. e4 c5 2. c3 Nf6 3. e5 Nd5 4. d4 Nc6 5. Nf3 e6 6. c4 Ndb4 7. d5 exd5 8. cxd5 Nd4 9. Nxd4 cxd4 10. Bc4 Qc7 11. Na3 Qxe5+ 12. Kf1 Bc5 13. Nc2 0-0 14. Nxb4 Bxb4 15. Bd2 Bxd2 16. Qxd2 d6 17. Rd1 Re8 18. Qxd4 Qh5 19. f3 Bf5 20. Kf2 Re5 21. h4 Bd7 22. g4 Qh6 23. b3 Rae8 24. Qd2 Qf6 25. g5 Qg6 26. Rhe1 f6 27. f4 Rxe1 28. Rxe1 Rxe1 29. Kxe1 Qe4+ 30. Kf2 Qh1 31. gxf6 Qxh4+ 32. Ke3 Qg3+ 33. Kd4 h5 34. Be2 h4 35. Qe3 Qxe3+ 36. Kxe3 gxf6 37. Bd3 Kg7 38. Kf3 Kh6 39. b4 Kh5 40. b5 Bc8 41. Be4 Bh3 42. Bd3 Bg4+ 43. Kg2 b6 44. Kf2 Bc8 45. Be2+ Bg4 46. Bd3 Bd1 47. Bf5 Ba4 48. Bd7 Bc2 49. Kf3 f5 50. Be8+ Kh6 51. Kg2 Be4+ 52. Kh3 Bxd5 53. a3 Bb3 54. Kxh4 Ba4 55. Kg3 a6 56. Kf3 Bxb5 57. Bf7 Bc6+ 58. Ke3 b5 59. Kd4 a5 60. Be6 Kg6 61. Kd3 Be4+ 62. Kc3 Kh5 63. Kd4 Kg4 64. Bd7 b4 65. axb4 axb4 66. Kc4 Kxf4 67. Kxb4 Ke3 68. Bc8 d5 69. Ba6 d4 0-1

[Event "Tula"]
[Site "Tula"]
[Date "2010.08.17"]
[Round "9"]
[White "Kurilin, Alexander"]
[Black "Sotnikov, Alexey"]
[Result "1-0"]
[WhiteElo "2300"]
[BlackElo "2300"]
[PlyCount "41"]
[EventDate "2010.08.11"]
[EventType "tourn"]
[EventRounds "13"]
[EventCountry "RUS"]
[EventCategory "6"]
[SourceTitle "CBM 138 Extra"]
[Source "ChessBase"]
[SourceDate "2010.10.29"]
[SourceVersion "1"]
[SourceVersionDate "2010.10.29"]
[SourceQuality "1"]

1. e4 c5 2. c3 Nf6 3. e5 Nd5 4. d4 Nc6 5. Nf3 cxd4 6. cxd4 e6 7. Bc4 Nb6 8. Bb3 d6 9. exd6 Bxd6 10. 0-0 0-0 11. Nc3 Nd5 12. Re1 b6 13. Nxd5 exd5 14. Bg5 Be7 15. Ba4 Bxg5 16. Bxc6 Rb8 17. Nxg5 Qxg5 18. Re5 Qg6 19. Bxd5 Rd8 20. Qa4 Rxd5 21. Qe8# 1-0

[Event "Tula"]
[Site "Tula"]
[Date "2010.08.13"]
[Round "3"]
[White "Gusev, Aleksey"]
[Black "Sotnikov, Alexey"]
[Result "1-0"]
[WhiteElo "2412"]
[BlackElo "2300"]
[PlyCount "65"]
[EventDate "2010.08.11"]
[EventType "tourn"]
[EventRounds "13"]
[EventCountry "RUS"]
[EventCategory "6"]
[SourceTitle "CBM 138 Extra"]
[Source "ChessBase"]
[SourceDate "2010.10.29"]
[SourceVersion "1"]
[SourceVersionDate "2010.10.29"]
[SourceQuality "1"]

1. d4 Nf6 2. c4 e5 3. dxe5 Ng4 4. Nf3 Bc5 5. e3 Nc6 6. Be2 Ngxe5 7. Nxe5 Nxe5 8. 0-0 0-0 9. Nc3 Re8 10. Kh1 d6 11. f4 Nd7 12. e4 Nf6 13. Bf3 Rb8 14. b3 Bb4 15. Nd5 Nxd5 16. cxd5 b6 17. Bb2 Ba6 18. Qd4 Qf6 19. e5 dxe5 20. Qxb4 Bxf1 21. fxe5 Bxg2+ 22. Bxg2 Qg5 23. Qc3 a5 24. Rg1 Kh8 25. e6 f6 26. Qh3 Qg6 27. Re1 h5 28. Bf3 Qh6 29. Bxh5 Re7 30. Re3 Kg8 31. Bf7+ Kh7 32. Qf5+ Kh8 33. Rh3 1-0

[Event "Tula"]
[Site "Tula"]
[Date "2010.08.11"]
[Round "1"]
[White "Biriukov, Ilja"]
[Black "Sotnikov, Alexey"]
[Result "1-0"]
[WhiteElo "2233"]
[BlackElo "2300"]
[PlyCount "49"]
[EventDate "2010.08.11"]
[EventType "tourn"]
[EventRounds "13"]
[EventCountry "RUS"]
[EventCategory "6"]
[SourceTitle "CBM 138 Extra"]
[Source "ChessBase"]
[SourceDate "2010.10.29"]
[SourceVersion "1"]
[SourceVersionDate "2010.10.29"]
[SourceQuality "1"]

1. d4 Nf6 2. c4 c5 3. d5 b5 4. Qc2 e6 5. e4 exd5 6. e5 Qe7 7. Qe2 Ng8 8. cxd5 f6 9. f4 fxe5 10. fxe5 b4 11. Nf3 Ba6 12. d6 Qd8 13. Qe4 Bxf1 14. Rxf1 Nc6 15. Ng5 Nh6 16. Nxh7 Nf7 17. Rxf7 Kxf7 18. Ng5+ Qxg5 19. Bxg5 Re8 20. Bf4 Rh5 21. Qd5+ Kg6 22. Qd3+ Kf7 23. Qb3+ Re6 24. g4 Nd4 25. Qa4 1-0

[Event "Tula"]
[Site "Tula "]
[Date "2007.02.22"]
[Round "15"]
[White "Sotnikov, Alexey"]
[Black "Kovchan, Alexander"]
[Result "0-1"]
[WhiteElo "2362"]
[BlackElo "2509"]
[PlyCount "84"]
[EventDate "2007.02.13"]
[EventType "tourn"]
[EventRounds "15"]
[EventCountry "RUS"]
[EventCategory "7"]
[SourceTitle "EXT 2008"]
[Source "ChessBase"]
[SourceDate "2007.11.25"]
[SourceVersion "1"]
[SourceVersionDate "2007.11.25"]
[SourceQuality "1"]

1. d4 d5 2. Nf3 Nf6 3. Bg5 Ne4 4. Bh4 c5 5. e3 Qb6 6. b3 Nc6 7. c3 Bf5 8. c4 cxd4 9. Nxd4 Nxd4 10. Qxd4 Qxd4 11. exd4 g5 12. Bg3 Nxg3 13. hxg3 Bg7 14. Nc3 Bxd4 15. Rc1 dxc4 16. Bxc4 Rd8 17. Ke2 e5 18. f3 Ke7 19. g4 Bg6 20. Bd3 Bxc3 21. Rxc3 Rc8 22. Rxc8 Rxc8 23. Bxg6 hxg6 24. Kd3 b5 25. a3 Ke6 26. g3 a5 27. Re1 f5 28. gxf5+ gxf5 29. Re2 Rc1 30. Rh2 b4 31. axb4 axb4 32. Rh6+ Kd5 33. Rh5 g4 34. Rxf5 gxf3 35. Kd2 Rc3 36. g4 Rxb3 37. g5 Ke4 38. Rf8 Rb2+ 39. Kd1 Ke3 40. Rf5 f2 41. Kc1 Re2 42. Rxe5+ Kf4 0-1

[Event "Tula"]
[Site "Tula "]
[Date "2007.02.21"]
[Round "14"]
[White "Abbasov, Farid"]
[Black "Sotnikov, Alexey"]
[Result "1-0"]
[WhiteElo "2444"]
[BlackElo "2362"]
[PlyCount "107"]
[EventDate "2007.02.13"]
[EventType "tourn"]
[EventRounds "15"]
[EventCountry "RUS"]
[EventCategory "7"]
[SourceTitle "EXT 2008"]
[Source "ChessBase"]
[SourceDate "2007.11.25"]
[SourceVersion "1"]
[SourceVersionDate "2007.11.25"]
[SourceQuality "1"]

1. d4 Nf6 2. c4 e6 3. Nf3 Bb4+ 4. Nc3 b6 5. Bg5 Bb7 6. e3 h6 7. Bh4 Bxc3+ 8. bxc3 d6 9. Nd2 Nbd7 10. f3 c5 11. Bd3 Qc7 12. 0-0 0-0 13. f4 Rae8 14. e4 e5 15. fxe5 dxe5 16. d5 Qd6 17. a4 a5 18. Rb1 Nh7 19. Be2 Rb8 20. Bg4 Bc8 21. Qe2 Nhf6 22. Bf5 Ne8 23. Kh1 Ndf6 24. Bxc8 Rxc8 25. Rf3 Rb8 26. Rbf1 Nh7 27. Qf2 f6 28. Qg1 Qd7 29. Ra1 Nd6 30. Bf2 Ng5 31. Re3 Rbe8 32. h4 Nh7 33. g4 Kh8 34. Qd1 Rb8 35. Qe2 Qf7 36. Rg3 Kg8 37. Be3 Qd7 38. Rag1 Qxa4 39. g5 hxg5 40. hxg5 fxg5 41. Bxg5 Rb7 42. Rh3 Qe8 43. Qh2 g6 44. Be3 Rf6 45. Rh5 Rg7 46. Bh6 Rgf7 47. Rxe5 Qd8 48. Rh5 Kh8 49. Rh4 Rf2 50. Qe5+ Qf6 51. Qg3 Qe7 52. Bg5 Qf8 53. Qe5+ Kg8 54. Bh6 1-0

[Event "Tula"]
[Site "Tula "]
[Date "2007.02.18"]
[Round "9"]
[White "Sotnikov, Alexey"]
[Black "Okrugin, Sergey"]
[Result "0-1"]
[WhiteElo "2362"]
[BlackElo "2350"]
[PlyCount "46"]
[EventDate "2007.02.13"]
[EventType "tourn"]
[EventRounds "15"]
[EventCountry "RUS"]
[EventCategory "7"]
[SourceTitle "EXT 2008"]
[Source "ChessBase"]
[SourceDate "2007.11.25"]
[SourceVersion "1"]
[SourceVersionDate "2007.11.25"]
[SourceQuality "1"]

1. Nf3 Nf6 2. d4 c5 3. dxc5 e6 4. b4 a5 5. c3 axb4 6. cxb4 b6 7. a4 bxc5 8. b5 d5 9. e3 Bd6 10. Nc3 0-0 11. Be2 Nbd7 12. 0-0 Bb7 13. Qc2 Qc7 14. h3 d4 15. b6 Qxb6 16. exd4 cxd4 17. Rb1 Qc6 18. Rxb7 Qxb7 19. Nxd4 Rfc8 20. Bf3 Nd5 21. Ndb5 Be5 22. Bd2 Qa6 23. Qd1 N7f6 0-1

[Event "Tula"]
[Site "Tula "]
[Date "2007.02.14"]
[Round "2"]
[White "Sotnikov, Alexey"]
[Black "Kalinichev, Andrey"]
[Result "0-1"]
[WhiteElo "2362"]
[BlackElo "2386"]
[PlyCount "114"]
[EventDate "2007.02.13"]
[EventType "tourn"]
[EventRounds "15"]
[EventCountry "RUS"]
[EventCategory "7"]
[SourceTitle "EXT 2008"]
[Source "ChessBase"]
[SourceDate "2007.11.25"]
[SourceVersion "1"]
[SourceVersionDate "2007.11.25"]
[SourceQuality "1"]

1. e4 e5 2. Nf3 Nc6 3. Nc3 Nf6 4. g3 d5 5. exd5 Nxd5 6. Bg2 Nxc3 7. dxc3 Qxd1+ 8. Kxd1 Bg4 9. h3 0-0-0+ 10. Ke2 Be6 11. b3 h6 12. Be3 Ba3 13. Rab1 Bf5 14. Ne1 e4 15. f3 Rhe8 16. fxe4 Bxe4 17. Bxe4 Rxe4 18. Ng2 Bd6 19. Kf3 f5 20. Rbd1 g5 21. Rhe1 g4+ 22. hxg4 Ne5+ 23. Ke2 Nxg4 24. Rd2 Rg8 25. Rd4 Re6 26. Kd2 Bxg3 27. Re2 Rge8 28. Ra4 f4 29. Nxf4 Bxf4 30. Rxf4 Nxe3 31. Kc1 Kd7 32. Rh2 Rd6 33. Rh1 Re5 34. Rg1 Kc6 35. Rg7 Rg5 36. Re7 Rg1+ 37. Kb2 Re1 38. Rfe4 Nd1+ 39. Ka1 Rxe4 40. Rxe4 b5 41. c4 b4 42. c5 Kxc5 43. Rc4+ Kb5 44. a4+ Ka5 45. Rc5+ Ka6 46. c4 c6 47. Kb1 Nc3+ 48. Kb2 Ne4 49. Re5 Ng5 50. Rf5 Rg6 51. Rf4 Ne6 52. Rh4 Nc5 53. Rh3 Rg2+ 54. Kb1 Kb7 55. Ka1 Rd2 56. Rxh6 Nxb3+ 57. Kb1 Rg2 0-1